| 000 | 00389nam a22001577a 4500 | ||
|---|---|---|---|
| 003 | OSt | ||
| 005 | 20220408141543.0 | ||
| 008 | 220408b |||||||| |||| 00| 0 eng d | ||
| 020 | _a9788189866327 | ||
| 040 | _cH.U | ||
| 082 | _a621.4 | ||
| 100 |
_aReddy B. _935626 |
||
| 245 | _aThermal Engineering Data Hand Book | ||
| 260 |
_aNew Delhi _bI.K INTERNATIONAL _c2007 |
||
| 942 |
_2ddc _cBOOKS _n0 |
||
| 999 |
_c34586 _d34586 |
||